00686nam a22001937a 450000500170000000800410001702000180005804000130007608200200008910000170010924501130012626000600023930000400029950400580033965100100039765100150040765100190042265100510044120240530110621.0161220s2006 enko g b 001 0 eng d a9789774160462 aEG-CaGPL04221a962bCC/T R1 aTvedt,Terje.14aThe River Nile in the aga of the British:bpolitical ecology and the quest for economic power \cTerje Tvedt acairo :bthe american university in cairo press ,c2006 a456 pages :billustrations ;c24 cm aIncludes bibliographical references (pages 413 - 441) 0aEgypt 0aNile River 0aEgyptxhistory 0aEgyptxhistoryyBritish occupation,1886 - 1936